15 Largest European Countries by Area - Sudden Death - Statistics

General Stats
  • This quiz has been taken 2,031 times
  • The average score is 10 of 15
Answers on the Grid
Answers color-coded by a green-red scale on the quiz's grid according to % correct below.
Austria
Belarus
Bosnia and Herzegovina
Bulgaria
Croatia
Czech Republic
Denmark
Estonia
Finland
France
Germany
Greece
Hungary
Iceland
Ireland
Italy
Latvia
Lithuania
Moldova
Netherlands
Norway
Poland
Portugal
Romania
Russia
Serbia
Slovakia
Spain
Sweden
Switzerland
Ukraine
United Kingdom
 
Answer Stats
Answer % Correct
Germany
89%
Russia
88%
France
87%
Ukraine
84%
Spain
80%
Sweden
79%
Poland
77%
Finland
72%
Norway
71%
Italy
66%
Romania
66%
United Kingdom
66%
Belarus
58%
Bulgaria
37%
Greece
27%
No matching quizzes found
Score Distribution
Percent of People with Each Score
Percentile by Number Answered
Your Score History
You have not taken this quiz